Loading...
Ancient History and Archaeology | 0 | 2 | 0 | 0 | 20 | 99 | 104.00 | 0 | 1 |
British and Commonwealth History | 0 | 2 | 0 | 1 | 20 | 71 | 100.50 | 1 | 1 |
History - American History | 0 | 2 | 0 | 1 | 20 | 108 | 118.50 | 0 | 1 |
History - World History | 0 | 2 | 0 | 0 | 20 | 63 | 69.50 | 1 | 2 |
Literature - American Literature | 0 | 2 | 0 | 0 | 20 | 105 | 123.00 | 0 | 1 |
World and Other Literature | 0 | 2 | 0 | 0 | 20 | 133 | 139.50 | 0 | 0 |
History - European History | 0 | 2 | 1 | 1 | 15 | 109 | 124.00 | 0 | 1 |
Other Science: Earth Science | 0 | 1 | 0 | 0 | 10 | 135 | 135.00 | 0 | 1 |
Other Arts: Visual | 0 | 1 | 0 | 0 | 10 | 116 | 116.00 | 0 | 1 |
Fine Arts - Visual Fine Arts | 0 | 1 | 0 | 0 | 10 | 145 | 145.00 | 1 | 1 |
Philosophy | 0 | 1 | 1 | 0 | 5 | 104 | 104.00 | 0 | 1 |
Social Science | 0 | 1 | 1 | 0 | 5 | 94 | 94.00 | 1 | 1 |
Science - Chemistry | 0 | 0 | 0 | 0 | 0 | 0.00 | 0 | 0 | |
Current Events | 0 | 0 | 0 | 0 | 0 | 0.00 | 0 | 0 | |
Science - Physics | 0 | 0 | 0 | 0 | 0 | 0.00 | 0 | 0 | |
Literature - British Literature | 0 | 0 | 1 | 0 | -5 | 0.00 | 0 | 0 | |
Literature - European Literature | 0 | 0 | 1 | 0 | -5 | 0.00 | 0 | 0 |